Prenesený výkon štátnej správy je pre tretí sektor neprijateľný
Návrh tzv. kompetenčného zákona nevyhovuje ani obciam, ani mimovládnym organizáciám. Problém kompetencií, ktoré by mali prejsť na samosprávy (otázka v akom rozsahu). Výhrady mimovládnych organizácií voči návrhu kompetenčného zákona a ich nesúhlas s postojom miest a obcí. Obavy ZMOS z množstva financ...
Salvato in:
| Autore principale: | |
|---|---|
| Natura: | Capitolo di libro |
| Lingua: | slovacco |
| Soggetti: | |
| Tags: |
Nessun Tag, puoi essere il primo ad aggiungerne!!
|
MARC
| LEADER | 00000naa a2200000 4500 | ||
|---|---|---|---|
| 001 | r042383 | ||
| 005 | 20230921111530.0 | ||
| 041 | 0 | |a slo | |
| 044 | |a SK | ||
| 245 | 1 | 0 | |a Prenesený výkon štátnej správy je pre tretí sektor neprijateľný |c Eva Reiselová |
| 520 | |a Návrh tzv. kompetenčného zákona nevyhovuje ani obciam, ani mimovládnym organizáciám. Problém kompetencií, ktoré by mali prejsť na samosprávy (otázka v akom rozsahu). Výhrady mimovládnych organizácií voči návrhu kompetenčného zákona a ich nesúhlas s postojom miest a obcí. Obavy ZMOS z množstva financií, ktoré ministerstvo pridelí na decentralizáciu. Podľa predstaviteľov ZMOS samospráva vie lepšie hospodáriť ako štátna správa. | ||
| 610 | 2 | 0 | |a správa verejná |
| 610 | 2 | 0 | |a správa štátna |
| 610 | 2 | 0 | |a samospráva |
| 610 | 2 | 0 | |a mestá |
| 610 | 2 | 0 | |a obce |
| 610 | 2 | 0 | |a kompetencie |
| 610 | 2 | 0 | |a hospodárenie finančné |
| 610 | 2 | 0 | |a organizácie nevládne |
| 610 | 2 | 0 | |a financie |
| 610 | 2 | 0 | |a decentralizácia |
| 610 | 2 | 0 | |a Slovensko |
| 100 | 1 | |a Reiselová, Eva | |